| 000 | 00863cam a22002773a 4500 | ||
|---|---|---|---|
| 001 | 12404 | ||
| 003 | PGUSA | ||
| 005 | 20140828083248.0 | ||
| 008 | 040501s2004||||xxu|||||s|||||000 | eng d | ||
| 040 |
_aPGUSA _beng |
||
| 042 | _adc | ||
| 050 | 4 | _aDB | |
| 050 | 4 | _aDD | |
| 050 | 4 | _aDQ | |
| 245 | 1 | 0 |
_aSeeing Europe with Famous Authors, Volume 5 : _bGermany, Austria-Hungary, and Switzerland, Part 1 _h[electronic resource] |
| 260 |
_bProject Gutenberg, _c2004 |
||
| 506 | _aPublic domain in the USA. | ||
| 516 | _aElectronic text | ||
| 653 | _aSwitzerland -- Description and travel | ||
| 653 | _aGermany -- Description and travel | ||
| 653 | _aAustria -- Description and travel | ||
| 700 | 1 |
_aHalsey, Francis W. _q(Francis Whiting), _d1851-1919 |
|
| 830 | 0 |
_aProject Gutenberg _v12404 |
|
| 856 | 4 | 0 | _uhttp://www.gutenberg.org/ebooks/12404 |
| 942 | _cEB | ||
| 999 |
_c241659 _d241659 |
||